| 000 | 00401nam a2200169Ia 4500 | ||
|---|---|---|---|
| 008 | 230524s9999 xx 000 0 und d | ||
| 082 |
_a621.382 _bFLO |
||
| 100 | _aThomas L.Floyd | ||
| 245 | 0 | _aDigital Fundamentals | |
| 250 | _a8TH | ||
| 260 |
_aNEW DELHI _bPearson _c2005 |
||
| 300 | _aXXI;579 | ||
| 500 | _aQuantity Number: 262 | ||
| 650 | _aElectronics | ||
| 700 | _a R.P.Jain | ||
| 942 | _cBK | ||
| 999 |
_c33228 _d33228 |
||